01364nam a2200301 a 450000100100000000500170001000800410002704000250006808200200009310000370011324000660015024500480021626000360026430000210030049000290032150000630035050000730041350400320048659000260051865000710054465000560061565000590067183000350073091000380076595201180080395201240092199900170104500002549420200930023829.0110217s1987 dr 000 0 spa d aDO-SdBNPbspacBNPHU a305.5633bR696c1 aRodríguez, Frankd1938-95213810aEstudio sobre campesinos sin tierra en República Dominicana10aCampesinos sin tierra /cFrank Rodríguez. aSanto Domingo :bTaller,c1987. a204 p. ;c24 cm.1 aBiblioteca Taller ;v252 aIncluye datos biográficos del autor en la contracubierta aIncluye referencias bibliográficas y notas al pie de las páginas aBibliografía : p. 191-194 aInventariado, 2018/BT 4aCampesinoszRepública DominicanaxCondiciones económicas99402 4aTenencia de la tierrazRepública Dominicana96976 4aTrabajadores agrícolaszRepública Dominicana98414 0aBiblioteca Taller ;n42952139 aValidado. Control de calidad. MFF 0010718PDaPDbPDcHDd2011-02-17iLF1l0o305.5633 R696cp25494-10r2020-06-25w2020-06-25yLFPDZNo se presta 0010718PDaPDbPDcHDd2011-02-17iLF1l0o305.5633 R696cp25494-20r2020-06-25te. 2w2020-06-25yLFPDZNo se presta c24986d24986